Statistics for TV Shows by U.S. State

Click here to take the quiz!

General Stats

  • This quiz has been taken 42,571 times
    (16,513 since last reset)
  • The average score is 14 of 26

Answer Stats

TV ShowsState% Correct
Friends | SeinfeldNew York
98%
Full House | CHiPsCalifornia
81%
Breaking Bad | Better Call SaulNew Mexico
76%
The West Wing | House of CardsWashington D.C.
75%
The Office | Boy Meets WorldPennsylvania
68%
The Sopranos | Boardwalk EmpireNew Jersey
66%
Dexter | Golden GirlsFlorida
64%
South Park | DynastyColorado
62%
King of the Hill | Friday Night LightsTexas
58%
Northern Exposure | Deadliest CatchAlaska
57%
Frasier | Twin PeaksWashington
57%
Parks and Recreation | Stranger ThingsIndiana
56%
Cheers | Ally McBealMassachusetts
56%
Dukes of Hazzard | The Walking DeadGeorgia
54%
That 70's Show | Happy DaysWisconsin
52%
Glee | The Drew Carey ShowOhio
51%
Family Guy | Ghost HuntersRhode Island
50%
Family Matters | ERIllinois
48%
CSI | BonanzaNevada
46%
Smallville | GunsmokeKansas
45%
Sharp Objects | OzarkMissouri
44%
Gilmore Girls | BillionsConnecticut
37%
Home Improvement | Freaks and GeeksMichigan
36%
The Andy Griffith Show | One Tree HillNorth Carolina
34%
True Blood | TremeLouisiana
32%
Coach | Rocky and BullwinkleMinnesota
26%

Score Distribution

Percentile by Number Answered

Percent of People with Each Score

Your Score History

You have not taken this quiz since the last reset